000 00888nam a22002897a 4500
999 _c455
_d455
001 000742
003 CoMeUDC000742
005 20181215145251.0
008 130821s2003 ck gr spa
020 _a9586821927
_cColección
020 _a9586824608
_cVolumen
040 _aCo-BoUCM
_bspa
_cCoMeUDC
041 0 0 _aspa
082 0 4 _a323.4
_220
_bD313s
110 1 _aColombia.
_bDefensoría del Pueblo
245 1 0 _aSeguridad y libertades individuales /
_cDefensoría del Pueblo.
260 _aBogotá (Colombia) :
_bAlfaomega ,
_c2003.
300 _axii, 50 páginas
490 0 _aLibros de Cambio
500 _aIncluye índice.
650 0 4 _aCiencia política
_9340
650 0 4 _aDerechos civiles
_912857
650 0 4 _aDerechos humanos
_97499
650 0 4 _aLibertad
_918464
650 0 4 _aSeguridad ciudadana
_924088
942 _cBK
_a6
_e1
_mD313s
_2ddc
_h323.4